Online
Catalog
Normal view MARC view

Entry Término temático

Number of records used in: 1

001 - NÚMERO DE CONTROL

  • campo de control: 77226

003 - IDENTIFICADOR DEL NÚMERO DE CONTROL

  • campo de control: OSt

005 - FECHA Y HORA DE LA ÚLTIMA TRANSACCIÓN

  • campo de control: 20201111074639.0

008 - DATOS DE LONGITUD FIJA

  • campo de control de longitud fija: 201111|| aca||aabn | a|a d

040 ## - FUENTE DE LA CATALOGACIÓN

  • Centro catalogador/agencia de origen: OSt
  • Centro/agencia transcriptor: OSt

150 ## - ENCABEZAMIENTO--TÉRMINO DE MATERIA

  • Término de materia o nombre geográfico como elemento de entrada: Niños$x Aspectos sociales$z República Dominicana $v Congresos, conferencias, etc

670 ## - FUENTE DE DATOS ENCONTRADOS

  • Cita de la fuente: Work cat.: (OSt)15800: Seminario Nacional Sobre la Niñez en la República Dominicana (1a : 1976 : mar. 18-20 : Santo Domingo ) 36325, La niñez dominicana :, 1979.

Powered by Koha